000 00558nam a2200181 i 4500
001 95322
003 ES-MaACL
005 20251019063050.0
007 t|
008 050526s1969 cl ||||1| spa d
100 1 _aVan Lysebeth, André,
_d1920-2004
_9173805
245 1 0 _aAprendo yoga /
_cAndré van Lysebeth; prólogo de Jean Herbert.
260 _aSantiago de Chile :
_bPomaire,
_c1969.
300 _a297 p., 1 h. con 33 lám. ;
_c23 cm.
700 1 _aHerbert, Jean.
_962657
852 _aES-MaACL
_jC-38183
_bR.73463
999 _c95322
_d95322